000 00588nmm a2200193Ia 4500
008 251105s9999||||xx |||||||||||||||||und||
020 _a9788427724488
041 _aspa
100 _aBlanchard, Mercedes
245 0 _aEquipos docentes innovadores: formar y formarse colaborativamente
264 _a[Madrid, España] :
_bNarcea Ediciones,
_c2018
300 _a112 páginas
490 _aEducación hoy estudios
650 _aEducation
700 _aBlanchard, Mercedes
700 1 _a Muzás, Mª Dolores
856 _uhttps://public.digitaliapublishing.com/a/58603
942 _cCF
999 _c62918
_d62918